| 000 | 00000nam##2200000za#4500 |
| 001 | 9.603048 |
| 003 | CaOODSP |
| 005 | 20210624210856 |
| 007 | cr ||||||||||| |
| 008 | 150406|1999||||xxc|||||o f|0| 0 fre|d |
| 040 | |aCaOODSP|bfre |
| 043 | |an-cn--- |
| 086 | 1 |aH113-2/9-1999F-PDF |
| 110 | 1 |aCanada.|bSanté Canada. |bAgence de réglementation de la lutte antiparasitaire. |
| 245 | 10|aFiche technique sur projets de partenariat en matière de lutte intégrée |h[ressource électronique] |
| 250 | |aRéédité en 1999. |
| 260 | |aOttawa - Ontario : |bSanté Canada. |c1998. |
| 300 | |a5p. |
| 490 | 1 |aFiche technique |
| 590 | |a12-30-Supp|b2012-06-28 |
| 691 | 07|aPesticide|2gcpds |
| 691 | 07|aProgramme fédéral|2gcpds |
| 775 | 08|tFact sheet on Integrated Pest Management partnership program |w(CaOODSP)9.572777 |
| 776 | 0#|tFiche technique sur projets de partenariat en matière de lutte intégrée |w(CaOODSP)9.625793 |
| 830 | #0|aFiche technique.|w(CaOODSP)9.500874 |
| 856 | 40|ahttp://publications.gc.ca|qPDF|s42 Ko|uhttps://publications.gc.ca/collections/Collection/H113-2-9-1999F.pdf |